| 000 | 01788nam a22002897a 4500 | ||
|---|---|---|---|
| 001 | 109153 | ||
| 003 | UA-OsUOA | ||
| 005 | 20210930153038.0 | ||
| 007 | ta | ||
| 008 | 20141204b un ||||| |||| 00| 0 ukr d | ||
| 020 | _a966-613-301-6 | ||
| 040 |
_aUA-OsUOA _bukr _cUA-OsUOA _dUA-OsUOA |
||
| 041 | _aukr | ||
| 080 | _a94(477)83/86 | ||
| 090 |
_a94(477)83/86 _bС91 |
||
| 100 | _aСухий О. | ||
| 245 | _aВід русофільства до москвофільства: російський чинник у громадській думці та суспільно-політичному житті галицьких українців у ХІХ столітті | ||
| 260 |
_aЛьвів _bЛНУ ім. Івана Франка _c2003 |
||
| 300 | _a499 с. | ||
| 520 | 3 | _aЗміст1. Етносоціальні процеси в Галичині у першій половині ХІХ ст. та зародження русофільського руху2. Русофільська течія в 60-х - на початку 80-х рр.: ідеологія та політична практика3. Національно-культурні організації русофільстького напряму: о | |
| 520 | 3 | _aсновні види та зміст діяльності4. Російський чинник у громадсько-політичному житті Галичини | |
| 650 | 7 |
_a9 Географія. Біографії. Історія _2UDC |
|
| 856 | 4 | 0 | _uhttp://irbis-nbuv.gov.ua/cgi-bin/ua/elib.exe?Z21ID=&I21DBN=UKRLIB&P21DBN=UKRLIB&S21STN=1&S21REF=10&S21FMT=online_book&C21COM=S&S21CNR=20&S21P01=0&S21P02=0&S21P03=FF=&S21STR=ukr0005105 |
| 942 |
_cBK _2udc |
||
| 955 | _a1 | ||
| 999 |
_c395056 _d395056 |
||